000
00213 a2200109 4500
020
_a
9780746022542
041
_a
eng
100
_a
Anne Civardi
245
_a
Usborne First Experiences
942
_c
BK
952
_7
1
999
_c
22690
_d
22690